Apostoli figyelmeztetést küldött a pápa

Elmentve itt :
Bibliográfiai részletek
Dokumentumtípus: Cikk
Megjelent: 2015-12-02
Sorozat:Népszava
Kulcsszavak:Máté-Tóth András, Bölcsészettudományi Kar, Vallástudományi Tanszék
Online Access:http://univ.bibl.u-szeged.hu/45016
LEADER 00583nab a2200157 i 4500
001 univ45016
005 20180220112550.0
008 171214s2015 hu o 0|| zxx d
040 |a SZTE UnivHistória Repozitórium  |b hun 
041 |a zxx 
245 0 0 |a Apostoli figyelmeztetést küldött a pápa  |h [elektronikus dokumentum] 
260 |c 2015-12-02 
490 0 |a Népszava 
561 |a Egyetemi hirarchívum 
695 |a Máté-Tóth András, Bölcsészettudományi Kar, Vallástudományi Tanszék 
856 4 0 |u http://univ.bibl.u-szeged.hu/45016/1/nepszava_2015_12_02_apostoli.pdf  |z Dokumentum-elérés